Statistiken für Berühmte Franzosen - Bildquiz #2

Klicken Sie hier um das Quiz zu spielen!

Allgemein

  • Dieses Quiz wurde 85 mal gespielt
    (51 seit der letzten Aktualisierung)
  • Das Durchschnittsergebnis liegt bei 8 aus 15

Antwortstatistiken

Antwort% Korrekt
Charles de Gaulle
98%
Édith Piaf
89%
Brigitte Bardot
84%
Claude Monet
69%
Alain Delon
60%
Jules Verne
58%
Jean-Paul Sartre
53%
Alain Prost
51%
Simone de Beauvoir
47%
Louis Pasteur
33%
Serge Gainsbourg
29%
Georges Pompidou
27%
Charles Baudelaire
24%
Claude Debussy
22%
Sarah Bernhardt
16%

Verteilung der Resultate

Perzentil nach korrekt beantworteten Fragen

Anzahl Personen mit jedem Resultat

Ihre Resultats-Entwicklung

Sie haben dieses Quiz seit der letzten Aktualisierung nicht gespielt